| 000 | 01001nam a2200265 a 4500 | ||
|---|---|---|---|
| 001 | 000012418 | ||
| 005 | 20200929163024.0 | ||
| 008 | 091112s2002 pr a 000 m spa d | ||
| 020 | _a1881715310 | ||
| 040 |
_aDO-SdBNP _bspa _cBNPHU |
||
| 082 |
_aPR868.44 _bL212i |
||
| 100 | 1 |
_aLalo, Eduardo, _d1960- _920866 |
|
| 245 | 1 | 3 |
_aLa isla silente / _cEduardo Lalo ; prólogo Yolanda Izquierdo ; corrección Lucinda Ausente. |
| 260 |
_aSan Juan, Puerto Rico : _bIsla Negra, _c2002. |
||
| 300 |
_a209 p. : _bil. ; _c22 cm. |
||
| 490 | 1 | _aEl cañon secuestrado | |
| 500 | _aIncluye datos biográficos del autor en la solapa de la cubierta | ||
| 650 | 4 |
_aLiteratura puertorriqueña _ySIGLO XX _95311 |
|
| 650 | 4 |
_aPuerto rico en la literatura _929117 |
|
| 651 | 4 |
_aPuerto Rico _xVida Social Y Costumbres _ySIGLO XX _929118 |
|
| 700 | 1 | 2 |
_aIzquierdo, Yolanda, _epról. _929119 |
| 700 | 1 | 2 |
_aAusente, Lucinda, _ecorr. _911862 |
| 830 | 0 |
_aEl cañon secuestrado _96917 |
|
| 910 | _aValidado. Control de calidad MFF | ||
| 999 |
_c12075 _d12075 |
||